000 00815nam a2200253 a 4500
001 000013238
005 20200929163155.0
008 091120s1994 ag 000 f spa d
020 _a9500812991
040 _aDO-SdBNP
_bspa
_cBNPHU
041 1 7 _aspa
_heng
_2Código de idioma MARC
082 _aA863.4
_bG475ó
100 1 _aGill, William,
_930397
240 1 0 _aEyes of jade.
_lEspañol
245 1 0 _aOjos de jade /
_cWilliam Gill ; traducción de Antonio Bonanno.
260 _aBuenos Aires :
_bAtlántida,
_c1994.
300 _a328 p. ;
_c23 cm.
534 _pTítulo original en inglés:
_tEyes of jade,
_cHarper Collins Publishers, 1994
650 4 _aNovela argentina
_93941
650 4 _aLiteratura argentina
_ySIGLO XX
_914711
700 1 _aBonanno, Antonio,
_etr.
_99085
910 _aWM
049 _aBNGR
999 _c12870
_d12870